Qi men wu zong gui [4 juan]

Saved in:
Bibliographic Details
Other Authors: Qin, Shen'an, (ed.)
Format: Book
Language:Chinese
Published: Shanghai, Wen ming shu ju, Min guo 14 [1925]
Subjects:
Tags: Add Tag
No Tags, Be the first to tag this record!
LEADER 00760cam a2200241 4500
001 007741315-6
005 20024617105005.0
008 910118s1925 cc 000 0 chi
010 |a c 61000044 /L 
035 0 |a ocm22978612 
040 |a DLC  |c CLU  |d *YNH*  |d CStRLIN 
050 0 |a BF1688.C5  |b C54 
245 0 0 |6 880-01  |a Qi men wu zong gui  |b [4 juan]  |c Qin Shen'an jiao kan. 
260 |6 880-02  |a Shanghai,  |b Wen ming shu ju,  |c Min guo 14 [1925] 
300 |a 1 v.  |c 20 cm. 
650 0 |a Astrology, Chinese. 
650 0 |a Divination. 
700 1 |6 880-03  |a Qin, Shen'an,  |e ed. 
880 0 0 |6 245-01  |a 奇門五總龜  |b [4卷]  |c 秦愼安校勘. 
880 |6 260-02  |a 上海,  |b 文明書局,  |c 民國14 [1925] 
880 1 |6 700-03  |a 秦愼安,  |e ed. 
988 |a 20021102 
906 |0 DLC